00418 a2200133 4500001001000000005001700010008004100027245005800068100002200126700002900148700002300177773006700200999001700267ART_1113420260410161733.0260409a 10aLas megatendencias como actual realidad internacional1 aRossi, Rodolfo C.1 aGonzález Fraga, Javier1 aVillanueva, Javier0 tEjecutivos de finanzasg- Año 5, Nº 41 (oct. 1987)wREV2863 c17998d17998